000 00833nam a2200265Ia 4500
003 OSt
005 20220925205746.0
006 a|||||r|||| 00| 0
007 ta
008 220923b |||||||| |||| 00| 0 eng d
020 _a0804809742
037 _cGeneral Book
040 _aRTL
_cRTL
_beng
041 _2eng
_aeng
082 _aY15:3(Q:4192).495.N8, M5
100 _aKendall Laurel
_9270952
245 0 _aShamans, housewives and other restless spirits
_b Women in korean ritual life
260 _aHonolulu
_bUniversity of Hawaii Press
_c1985
300 _axiii,234p
_ccm.
490 _aStudies of the East Asian Institute
500 _aBibliography: p 213-222
650 _aWoman Sociology
942 _hY15:3(Q:4192).495.N8, M5
_cGB
_2CC
999 _c553120
_d553120